000 00641nam a2200193Ii 4500
003 JO-AjNU
008 230605s9999||||xx |||||||||||||| ||und||
040 _aJO-AjNU
_bara
_erda
_cJO-AjNU
041 _aara
050 1 4 _aRA394 2014
100 3 _aمجموعة خبراء ,
_eauthor
_952023
245 0 0 _aتطبيقات في ادارة الخدمات الصحية
264 3 1 _aالقاهرة: المنظمة العربية الادارية ،2014
300 _a177ص
336 _atext
_btxt
_2rdacontent
337 _aunmediated
_bn
_2rdamedia
338 _avolume
_bnc
_2rdacarrier
650 4 _aخدمات صحية - ادارة
_952024
999 _aA23020
_c26588
_d26588